000 00227nam a2200085Ia 4500
245 0 _aThe lost city of the Maya
100 _a Dennis, Peter London, 2003
_931175
942 _cBK
008 210818s9999 xx 000 0 und d
999 _c463896
_d463895